000 00657nam a2200205Ia 4500
003 OSt
005 20250507100529.0
008 210210b1973 xxu||||| |||| 00| 0 eng d
040 _cAL
041 _akan
082 _aK894.9 KANR
100 _aKANNADANADU MATTU KANNADIGARA PRAMPARE.
_9183915
_bಕನ್ನಡ ನಾಡು ಮತ್ತು ಕನ್ನಡಿಗರ ಪರಂಪರೆ
245 _aReverend F Kittel
_bರೆವರೆಂಡ್ ಎಫ್ ಕಿಟ್ಟೆಲ್
260 _aBengaluru
_bA B H Prakashana
_c1973
300 _a56
650 _aKitel
_9183916
690 _aKannada Criticism
_9183917
906 _a030883
942 _2ddc
_cBK
999 _c81934
_d81934